| 000 | 00309nam a2200109Ia 4500 | ||
|---|---|---|---|
| 008 | 220120s9999||||xx |||||||||||||| ||und|| | ||
| 100 | _aNIIT world class education | ||
| 245 | 0 | _aEnterprise java bean development for websphere using visuala | |
| 260 |
_bBangalore _c2001 |
||
| 300 |
_a188p. _b0 |
||
| 650 | _aCIVIL | ||
| 999 |
_c136652 _d136652 |
||